|
|
|
|
| LEADER |
01216nam a22003374a 4500 |
| 001 |
EBC3000844 |
| 003 |
MiAaPQ |
| 005 |
20200520144314.0 |
| 006 |
m o d | |
| 007 |
cr cn||||||||| |
| 008 |
011119s2002 ctua sb 001 0 eng |
| 010 |
|
|
|z 2001057868
|
| 020 |
|
|
|z 1567204619 (alk. paper)
|
| 035 |
|
|
|a (MiAaPQ)EBC3000844
|
| 035 |
|
|
|a (Au-PeEL)EBL3000844
|
| 035 |
|
|
|a (CaPaEBR)ebr10023319
|
| 035 |
|
|
|a (CaONFJC)MIL86889
|
| 035 |
|
|
|a (OCoLC)929144848
|
| 040 |
|
|
|a MiAaPQ
|c MiAaPQ
|d MiAaPQ
|
| 050 |
|
4 |
|a HD58.8
|b .C463 2002
|
| 082 |
0 |
4 |
|a 658.4/06
|2 21
|
| 245 |
0 |
0 |
|a Changing the way we manage change
|h [electronic resource] /
|c edited by Ronald R. Sims.
|
| 260 |
|
|
|a Westport, Conn. :
|b Quorum Books,
|c 2002.
|
| 300 |
|
|
|a viii, 299 p. :
|b ill.
|
| 504 |
|
|
|a Includes bibliographical references and index.
|
| 533 |
|
|
|a Electronic reproduction. Ann Arbor, MI : ProQuest, 2015. Available via World Wide Web. Access may be limited to ProQuest affiliated libraries.
|
| 650 |
|
0 |
|a Organizational change.
|
| 655 |
|
4 |
|a Electronic books.
|
| 700 |
1 |
|
|a Sims, Ronald R.
|
| 710 |
2 |
|
|a ProQuest (Firm)
|
| 856 |
4 |
0 |
|u https://ebookcentral.proquest.com/lib/matrademy/detail.action?docID=3000844
|z Click to View
|